| 000 | 00934nam a2200277 i 4500 | ||
|---|---|---|---|
| 001 | 5450 | ||
| 003 | BD-RjUL | ||
| 005 | 20211208234053.0 | ||
| 008 | 131226s1973 bg b 000 0 eng d | ||
| 035 | _a(BD-RjUL)5486 | ||
| 040 |
_aDLC _cDLC _dDLC _dBD-RjUL _beng |
||
| 041 | _aeng | ||
| 082 | 0 | 0 |
_a381.41095492 _bMAD 1973 |
| 100 | 2 |
_aMahmudur Rahman, Khandker. _917102 |
|
| 245 | 1 | 0 |
_aDevelopment of agricultural marketing in Bangladesh / _cKhandker Mahmudur Rahman. |
| 260 |
_aComilla : _bBangladesh Academy for Rural Development, _c1973. |
||
| 300 |
_aiii, 135 p. ; _c22 cm. |
||
| 500 | _aOriginally presented as the author's thesis (M.S.), Michigan State University, 1970. | ||
| 500 | _aTk15.00 | ||
| 504 | _aBibliography: p. 127-135. | ||
| 650 | 0 |
_aProduce trade _zBangladesh. _917103 |
|
| 650 | 0 |
_aFarm produce _zBangladesh _xMarketing. _917104 |
|
| 942 |
_2ddc _cBK |
||
| 999 |
_c5450 _d5450 |
||